Préfectures de France : Montpellier - Statistiques

Statistiques générales
  • Ce quiz a été pris 51 fois
    7 depuis la dernière actualisation
  • Le résultat moyen est 15 sur 23
Statistiques - réponses
Question Réponse % Correct
Quel numéro porte celui-ci ? 34
100%
Quelles lettres figurent sur le blason ? (2 lettres avec espace entre les 2) A M
100%
De quel département est-ce la préfecture ? Hérault
100%
La ville appartient à l'académie de/d' Montpellier
100%
La ville appartient au diocèse de/d' Montpellier
100%
La couleur principale du fond du blason est l'/le/la Bleu
86%
La place principale de la ville porte le nom de place de la Comédie
86%
Les communes limitrophes dont le nom est un seul mot Juvignac
86%
Les communes limitrophes dont le nom est un seul mot Lattes
86%
Comment se nomment ses habitants ? Montpelliérains
86%
A quelle région administrative appartient la ville depuis 2015 ? Occitanie
86%
Voie romaine qui passe à Montpellier à partir de 118 avant J.C. (2 mots) Via Domitia
71%
Quelles sont les sous-préfectures qui en dépendent ? Béziers
57%
La célèbre promenade de Montpellier se nomme Peyrou
57%
La cathédrale est dédiée à St Pierre
57%
Les communes limitrophes dont le nom est un seul mot Grabels
43%
Quelles sont les sous-préfectures qui en dépendent ? Lodève
43%
Auparavant le siège de l'évêché était à Maguelone
43%
Les communes limitrophes dont le nom est un seul mot Clapiers
29%
Les communes limitrophes dont le nom est un seul mot Mauguio
29%
Quel personnage figure sur le blason ? Vierge | Marie
29%
Le 1er évêque est (prénom et nom) Guillaume Pellicier
0%
Nom de l'oppidum installé sur le site à l'époque romaine Sextantio
0%
Aucun quiz correspondant
Distribution des résultats
% des personnes avec chaque résultat
Percentile par nombre de réponses
Votre historique - résultats
Vous n’avez pas pris ce quiz depuis la dernière actualisation